000 00972nam a22002417a 4500
003 BR-ViAPE
005 20260513162154.0
008 260513s2011 por gs|||| 001 0 por d
020 _q978-85-98928-08-1
040 _cBR-ViAPE
100 _aSaletto, Nara
245 _aDonatários, colonos, índios e jesuítas:
_bo início da colonização no Espírito Santo
250 _a2.ed.
_brev.
260 _aVitória
_bArquivo Público do Estado do Espírito Santo
_c2011
300 _a140 p.
_bLivro disponível em PDF
490 _aColeção Canaã
_vv. 13
500 _aObra disponibilizada em PDF por integrar a Coleção Canaã do APEES.
650 _aHistória
_xBiografia
_xCapitania
_zEspírito Santo (Brasil)
651 _aEspírito Santo (Brasil)
710 _aArquivo Público do Estado do Espírito Santo
856 _uhttps://ape.es.gov.br/Media/ape/PDF/Livros/Donatarios_colonos_indios_jesuitas2.pdf
_yCLIQUE AQUI PARA ACESSAR O DOCUMENTO
942 _2ddc
_cBK
_n1
999 _c658
_d658